Responses for show #1237 - Tuesday, January 9, 1990

Frank Spangenberg game 1.

Contestants

[<< previous game]

Al Cotton, a word processing supervisor from Atlanta, Georgia

Frank Spangenberg, a police officer from Flushing, New York

Joe Haggerty, a distributor originally from Woonsocket, Rhode Island (whose 3-day cash winnings total $33,001)

[next game >>]

Jeopardy! Round responses

FAMOUS POLITICIANS
1970S TV
HOLIDAYS & OBSERVANCES
SCOTLAND
ZOOLOGY
G WHIZ
    $100 13
Senator (Robert) Taft

Joe
    $100 6
medical examiner

Frank
    $100 15
Mother's Day

Frank
    $100 3
a jury

Frank
    $100 11
a hyena

Al
    $100 30
gnome

Al
    $200 29
Detroit

Al
    $200 9
[Alex: reads "M." as "Michael".]

The Waltons

Joe
    $200 16
St. Valentine's Day

Frank
    $200 4
(Frank: What is [*]?)

What do Scotsmen wear under their kilts?

Frank
    $200 22
duck

Triple Stumper
    $200 27
hiccough

Al
    $300 28
(Richard) Gephardt

Al
    $300 2
Good Times

Frank
    $300 17
fifth of May (Cinco de Mayo)

Frank
    $300 5
(Andrew) Carnegie

Al
    $300 23
dinosaur

Frank
    $300 26
rough

Frank
    $400 14
(John C.) Calhoun

Frank
    $400 12
(Al: Who is Ted Knight?)
...
(Alex: It was the character not the actor portraying [*].)

Ted Baxter

Al
Triple Stumper
    $2,600 18
January 1st (New Year's Day)

Frank
    $400 7
mountains

Frank
    $400 24
Africa

Al
    $400 25
sign

Triple Stumper
    $500 1
Samuel Tilden

Joe
    $500 10
(Al: What is the Bronx?)

Greenwich Village

FrankAl
    $500 19
Peter and Paul

Joe
    $500 8
Aberdeen

Al
    $500 20
rodents

Joe
    $500 21
filet mignon

Frank

Scores at the first commercial break (after clue 14):

Joe Frank Al
$800 $2,000 $0

Scores at the end of the Jeopardy! Round:

Joe Frank Al
$1,800 $6,300 $1,200

Double Jeopardy! Round responses

PEOPLE
POT LUCK
EUROPEAN HISTORY
NEVADA
THE WINTER OLYMPICS
ACTORS ONSTAGE
    $200 16
singing

Frank
    $200 23
Madame Tussauds

Joe
    $200 1
feudalism

Joe
    $200 6
Las Vegas

Joe
    $200 21
Great Britain

Al
    $200 8
Lucille Ball

Joe
    $400 17
Prince William

Frank
    $400 27
fires

Al
    $400 5
(Joe: Who is Lucretia Borgia?)

Catherine de Medici

Joe
Triple Stumper
    $400 7
California

Al
    $400 12
Alan Alda

Al
    $600 18
(Frank: Who is Jane Fonda?)

Shirley MacLaine

Frank
Triple Stumper
    $600 26
brand of beer

Joe
    $600 4
Hungary

Frank
    $600 9
Comstock Lode

Frank
    $600 13
Harvey Fierstein

Al
    $800 19
(Frank: Who is Isadora Duncan?)

Martha Graham

Frank
Triple Stumper
    $800 25
(Frank: What is nickel?)

copper

Frank
Triple Stumper
    $1,000 3
(Joe: What is the, uh, route to can, to China?)

Northwest Passage

Joe
    $800 10
Civil War

Frank
    $800 28
[The end-of-round signal sounds.]

Lake Placid

Frank
    $800 14
(Al: What is Shenandoah?)
(Frank: What is Li'l Abner?)

Requiem for a Heavyweight

FrankAl
Triple Stumper
    $2,000 20
(Anwar) Sadat

Frank
    $1000 24
Rainbow Bridge

Triple Stumper
    $1000 2
Frederick Barbarossa

Joe
    $1000 11
bristlecone

Frank
    $1000 22
(Al: What is luge?)

bobsled

FrankAl
    $1000 15
Mandy Patinkin

Al

Scores at the end of the Double Jeopardy! Round:

Joe Frank Al
$2,800 $10,700 $2,400
(lock game)

[wagering suggestions for these scores]

Final Jeopardy! Round responses

GEOGRAPHY
AlWhat are Colombia & Bolivia?
$2,400
JoeWhat are Bolivia and Colombia?
$2,001
FrankWhat are Bolivia and Colombia?
$5,099
Bolivia and Colombia

Final scores:

Joe Frank Al
$4,801 $15,799 $4,800
2nd place: Trip to Puerto Rico on Delta Airlines & stay at Ocean Terrace Inn New champion: $15,799 3rd place: Lloyd/Flanders wicker furniture

Game dynamics:

Coryat scores:

Joe Frank Al
$3,800 $7,500 $2,400
11 R,
2 W
(including 1 DD)
23 R
(including 2 DDs),
4 W
14 R,
4 W

Combined Coryat: $13,700

The J! Archive is created by fans, for fans. The Jeopardy! game show and all elements thereof, including but not limited to copyright and trademark thereto, are the property of Jeopardy Productions, Inc. and are protected under law. This website is not affiliated with, sponsored by, or operated by Jeopardy Productions, Inc. Join the discussion at JBoard.tv.